| 000 | 00505cam a2200193ua 4500 | ||
|---|---|---|---|
| 001 | 11157 | ||
| 005 | 20260515114718.0 | ||
| 008 | 190831n ii |||gr||||Z||||||eng | ||
| 020 | _a9789383045020 | ||
| 040 | _cMAIN | ||
| 041 | _aeng | ||
| 082 | _a370.1 | ||
| 100 |
_aSunanda Chopra, _eAuthor. |
||
| 245 |
_aPhilosophical and sociological foundation of education _cBy Sunanda Chopra |
||
| 260 |
_aNew Delhi: _bSaurabh publishing house, _c2014. |
||
| 300 | _a335p. | ||
| 653 | _aEducation | ||
| 942 | _cBK | ||
| 999 |
_c10010 _d10010 |
||